Statistiques concernant Pokémon de type Vol

Cliquez ici pour prendre le quiz!

Statistiques générales

  • Ce quiz a été pris 397 fois
    (76 depuis la dernière actualisation)
  • Le résultat moyen est 88 sur 107

Statistiques - réponses

Pokémon % Correct
Étourmi
97%
Étourvol
97%
Papilusion
97%
Étouraptor
97%
Roucoups
97%
Roucool
97%
Roucarnage / Méga-Roucarnage
97%
Boréas
94%
Nirondelle
94%
Hélédelle
94%
Piafabec
94%
Goélise
94%
Démétéros
94%
Ho-Oh
94%
Lugia
94%
Bekipan
94%
Fulguris
94%
Bazoucan
91%
Picassaut
91%
Flambusard
91%
Arceus (Plaque Ciel)
91%
Altaria
91%
Rapasdepic
91%
Déflaisan
89%
Airmure
89%
Dracolosse
89%
Aéroptéryx
89%
Hoothoot
89%
Colombeau
89%
Noarfang
89%
Poichigeon
89%
Ptéra / Méga-Ptéra
89%
Tylton
89%
Passerouge
89%
Ninjask
86%
Piclairon
86%
Furaiglon
86%
Sulfura
86%
Vaututrice
86%
Vostourno
86%
Gueriaigle
86%
Yveltal
86%
Drattak / Méga-Drattak
86%
Doduo
86%
Dodrio
86%
Artikodin
86%
Lakmécygne
83%
Apireine
83%
Apitrini
83%
Arkéapti
83%
Silvallié (ROM Vol)
83%
Braisillon
83%
Brutalibré
83%
Charmillon
83%
Corboss
83%
Cornèbre
83%
Électhor
83%
Cotovol
83%
Dracaufeu / Méga-Dracaufeu Y
83%
Granivol
83%
Couaneton
83%
Papilord
80%
Nostenfer
80%
Nosferapti
80%
Nosferalto
80%
Rayquaza / Méga-Rayquaza
80%
Baudrive
80%
Grodrive
80%
Scorplane
80%
Scorvol
80%
Togekiss
80%
Tropius
80%
Yanma
80%
Yanmega
80%
Emolga
80%
Rhinolove
77%
Plumeline
77%
Insécateur
77%
Bruyverne
77%
Cryptéro
74%
Léviator
74%
Canarticho
74%
Coxyclaque
74%
Prismillon
74%
Chovsourir
74%
Corvaillus
74%
Coxy
74%
Floravol
74%
Togetic
74%
Démanta
74%
Sonistrelle
74%
Xatu
69%
Maskadra
69%
Brindibou
69%
Natu
69%
Pijako
69%
Shaymin (Forme Céleste)
66%
Motisma-Hélice
66%
Babimanta
66%
Bamboiselle
66%
Efflèche
66%
Minisange
66%
Cadoizo
63%
Méga-Scarabrute
63%
Météno
60%
Bleuseille
57%
Nigosier
49%

Distribution des résultats

Percentile by Number Answered

% des personnes avec chaque résultat

Votre développement - résultats

Vous n’avez pas pris ce quiz depuis la dernière actualisation